000 00326nam a2200133Ia 4500
008 240112s1985 xx 000 0 und d
022 _a08151-73156,0084-3873
041 _aeng
082 _a616.05
100 _aROGERS D.E.
245 _aYEAR BOOK OF MEDICINE
260 _bYEAR BOOK OF MED.PUB.
_c1985
300 _a907,HB
999 _c1140953
_d1140953